| 000 | 00552cam a22002171 4500 | ||
|---|---|---|---|
| 001 | 8837414 | ||
| 005 | 20171219075641.0 | ||
| 008 | 721121s1951 xx 000 0 eng | ||
| 010 | _a 51010526 | ||
| 035 | _a(OCoLC)499684 | ||
| 040 |
_aDLC _cODaWU _dDLC |
||
| 041 | _aeng | ||
| 042 | _apremarc | ||
| 080 | _a94 | ||
| 100 | 1 | _a17 | |
| 101 | _aHIS | ||
| 245 | 1 | 0 | _aImpact of war on Federal personnel administration, 1939-1945. |
| 504 | _aBibliographical footnotes. | ||
| 906 |
_a7 _bcbc _coclcrpl _du _encip _f19 _gy-gencatlg |
||
| 942 |
_2ddc _cBK |
||
| 999 |
_c39177 _d39177 |
||